TV educativa : presente y futuro /

Uloženo v:
Podrobná bibliografie
Hlavní autor: Koenig, Allen E. (selec.)
Další autoři: Hill, Ruane B. (selección) (selección)
Médium: Kniha
Jazyk:španělština
Vydáno: Buenos Aires, Argentina : Troquel, 1970, c1970
Témata:
Tagy: Přidat tag
Žádné tagy, Buďte první, kdo vytvoří štítek k tomuto záznamu!

MARC

LEADER 00000nam^a2200000^a^4500
001 000276054
005 20250521000000.0
009 20260310111251.658
037 |a Acervo Xavier Clavigero 
041 |a ESP 
082 |a 371. 3358  |b KOE 
100 |a Koenig, Allen E.  |e (selec.) 
245 1 0 |a TV educativa :  |b presente y futuro /  |c Selec. de A.E. Koenig, R.B. Hill ; introd. de José Bullaude ; tr. por Roberto Juan Walton. 
264 4 |a Buenos Aires, Argentina :  |b Troquel,  |c 1970, c1970 
300 |a 350 p. 
336 |a texto  |b txt  |2 rdacontenido 
337 |a sin mediación  |b n  |2 rdamedio 
338 |a volumen  |b nc  |2 rdasoporte 
500 |a Traducción de: The Farther Vision Educational Television Today 
649 |a XX 
650 |a Televisión en la Educación -  |x Tema Principal 
650 |a Televisión -  |x Función Educativa-Cultural 
650 |a Medios Audiovisuales en la Educación 
650 |a Medios de Comunicación -  |x Función Educativa-Cultural 
650 |a Comunicación Educativa 
650 |a Didáctica 
650 |a Metodología Educativa 
650 |a Educación 
700 |a Hill, Ruane B.  |e (selección) 
910 |a Fondo General 
920 |a Impresos - Libros 
930 |a Colección General 
905 |a 101 
901 |a 0500161415  |b IT1  |c ACC  |u 20250521 
902 |a https://opac.biblio.iteso.mx/vufind/Record/000276054